000
00327nam a22001457a 4500
003
SGT
082
_a
617.7, L13F
100
_a
FEDER, ROBERT S.
245
_a
THE LASIK HB. : A CASE-BASED APPROACH
250
_a
2ND
260
_a
PHILADOLPHIA
_b
WOLTERS
_c
2013
300
_a
362
650
_a
OPHTHALMOLOGY
942
_2
ddc
_c
BK
999
_c
9074
_d
9074